U.S. Congressional Districts #5 - California - Statistics

General Stats
  • This quiz has been taken 5 times
  • The average score is 46 of 52
Answer Stats
Picture Answer % Correct
CA01
100%
CA02
100%
CA03
100%
CA05
100%
CA09
100%
CA13
100%
CA15
100%
CA18
100%
CA19
100%
CA20
100%
CA21
100%
CA22
100%
CA23
100%
CA24
100%
CA27
100%
CA32
100%
CA36
100%
CA40
100%
CA41
100%
CA42
100%
CA44
100%
CA45
100%
CA48
100%
CA49
100%
CA04
80%
CA06
80%
CA07
80%
CA08
80%
CA10
80%
CA11
80%
CA12
80%
CA14
80%
CA16
80%
CA17
80%
CA25
80%
CA26
80%
CA28
80%
CA29
80%
CA34
80%
CA35
80%
CA37
80%
CA38
80%
CA39
80%
CA43
80%
CA47
80%
CA50
80%
CA51
80%
CA52
80%
CA30
60%
CA31
60%
CA33
60%
CA46
60%
No matching quizzes found
Score Distribution
Percent of People with Each Score
Percentile by Number Answered
Your Score History
You have not taken this quiz